000 01134nam a22003497a 4500
001 0043573
003 KOHA_MİRAKIL
005 20260207003354.0
007 ta
008 130730b2008 tu a|||gr||||#||||0|tur |
020 _a9757538329
040 _aTR-BiSEU
_btur
_cTR-BiSEU
_erda
041 0 _atur
044 _ctu
050 _aGN743
_b.B73 2008
100 1 _aBraidwood, Robert J..
245 1 _aTarihöncesi insanları/
_cRobert J. Braidwood ; Robert J. Braidwood ; çeviren Bilgi Altınok.
264 1 _aİstanbul :
_bArkeoloji ve Sanat Yayınları
_c2008
300 _aXXXIV, 286 sayfa :
_bresimli ;
_c20 cm.
336 _ametin
_btxt
_2rdacontent
337 _aaracısız
_bn
_2rdamedia
338 _acilt
_bnc
_2rdacarrier
490 1 _aArkeoloji ve Sanat Yayınları.
490 1 _aDeneme, Elestiri ve Tarih Dizisi ;
_v14.
500 _aKaynakça var.
500 _aDizin var.
500 _aOrijinal adı ; Prehistoric men
650 0 _aTarih öncesi insanlar.
_962657
830 1 _aArkeoloji ve Sanat Yayınları.
_947270
830 1 _aDeneme, Elestiri ve Tarih Dizisi ;
_v14.
_981230
942 _2lcc
_cBK
999 _c43390
_d43390